000 00441nam a2200181Ia 4500
001 1280
005 20260306140620.0
008 260306t2012||||xx |||||||||||||| ||spa||
041 _aESP
082 _a190
_bW943
100 _aWiggershaus, Rolf
_eAUT
245 0 _aWittgenstein und Adorno:
_bzwei spielarten modernen
260 _c2012
300 _a143 páginas :
_c19 cm.
650 _aGEN
654 _aCHU
942 _cLIB
_dJUS
_fJUS
_2ddc
_n
999 _c1280
_d1280